Statistics for Longest and Shortest Reigning UK Monarchs

Click here to take the quiz!

General Stats

  • This quiz has been taken 1,249 times
  • The average score is 11 of 20

Answer Stats

HintAnswer% Correct
65 years and countingElizabeth II
98%
44 years, 4 months, 5 daysElizabeth I
95%
63 years, 7 months, 2 daysVictoria
95%
59 years, 3 months, 2 daysGeorge III
86%
39 years, 1 month, 18 daysHenry VI
86%
37 years, 9 months, 7 daysHenry VIII
82%
35 years, 3 months, 28 daysHenry I
79%
50 years, 4 months, 25 daysEdward III
78%
2 months, 17 daysEdward V
76%
56 years, 29 daysHenry III
76%
10 months, 21 daysEdward VIII
72%
2 years, 1 month, 27 daysRichard III
69%
3 years, 10 months, 3 daysJames II
64%
9 daysLady Jane Grey
62%
9 months, 8 daysHarold II
10%
7 months, 7 daysEdmund II Ironside
5%
38 years, 1 month, 5 daysAethelred II the Unready
4%
2 years, 8 months, 10 daysEdward the Martyr
3%
3 years, 10 months, 7 daysEdwy (Eadwig)
3%
2 years, 2 months, 21 daysHarthacnut
3%

Score Distribution

Percentile by Number Answered

Percent of People with Each Score

Your Score History

You have not taken this quiz